Slovakija na puti kul'turologičeskoj mysli – sovremennye metody i tehnologii prepodavanija russkogo kak inostrannogo

Tento článok pojednáva o tom, ako Asociácia rusistov Slovenska – nezávislá kultúrna organizácia s odborným zameraním na štúdium ruského jazyka, ruskej literatúry a kultúry – realizuje filozofiu cudzojazyčného vzdelávania a rozvoja kultúrneho myslenia v rámci metodickej pomoci slovenským rusistom s v...

Description complète

Enregistré dans:
Détails bibliographiques
Auteur principal: Borisova, Ekaterina, 1971-
Format: Chapitre de livre
Langue:russe
Sujets:
Tags: Ajouter un tag
Pas de tags, Soyez le premier à ajouter un tag!

MARC

LEADER 00000naa$a2200000$$$4500
001 0307541
005 20250307121009.1
041 0 |a rus 
044 |a KZ 
245 1 0 |a Slovakija na puti kul'turologičeskoj mysli – sovremennye metody i tehnologii prepodavanija russkogo kak inostrannogo  |c Ekaterina Borisova 
520 |a Tento článok pojednáva o tom, ako Asociácia rusistov Slovenska – nezávislá kultúrna organizácia s odborným zameraním na štúdium ruského jazyka, ruskej literatúry a kultúry – realizuje filozofiu cudzojazyčného vzdelávania a rozvoja kultúrneho myslenia v rámci metodickej pomoci slovenským rusistom s využitím moderných metód a technológií výučby cudzieho jazyka. 
610 2 0 |a kultúra 
610 2 0 |a literatúra 
610 2 0 |a jazyky cudzie 
610 2 0 |a ruština 
100 1 |a Borisova, Ekaterina, 1971-